OT 2025 Gala 4 - Estadísticas

Estadísticas generales
  • Esta prueba ha sido intentada 51 veces
    28 desde el último reinicio
  • La puntuación promedio es 7 de 9
Estadísticas de respuestas
Concursantes Cantante Real Canción % Correcto
María Cruz & Lucía Casani Los Amaya Vete
88%
Crespo & Olivia Sebastián Yatra & Aitana Akureyri
82%
Guille Toledano & Guillo Rist Bad Bunny NUEVAYoL
82%
Carlos Fustel Quinta Estación Que te quería
82%
Claudia Arenas & Téyou Doja Cat & SZA Kiss Me More
76%
Judit & Tinho Bruno Mars & Lady Gaga Die with a Smile
71%
Laura Muñoz Céline Dion I Surrender
65%
Grupal (Todos) Rosana Sin miedo
65%
Max & Cristina ABBA Does Your Mother Know?
47%
No se encontraron pruebas coincidentes
Distribución de puntuación
Porcentaje de gente con cada puntuación
Porcentaje por número respondido
Historial de tus puntuaciones
No has intentado esta prueba desde el último reinicio